capitales -mort subite - Statistiques

Statistiques générales
  • Ce quiz a été pris 289 fois
  • Le résultat moyen est 7 sur 17
Answers on the Grid
Answers color-coded by a green-red scale on the quiz's grid according to % correct below.
sydney
new york
istanbul
cayenne
bunjaya
sao paulo
montreal
tombouctou
munich
rhasnavid
kurdistan
salvador
trilopi
ankara
georgetown
saint george
kinshasa
bangkok
malabo
funafuti
luanda
zagreb
kiev
canberra
pyongyang
gitega
palikir
montevideo
singapour
tegucigalpa
 
Statistiques - réponses
Réponse % Correct
kiev
62%
ankara
58%
zagreb
58%
canberra
57%
montevideo
55%
bangkok
52%
pyongyang
51%
singapour
49%
kinshasa
48%
georgetown
33%
tegucigalpa
25%
luanda
24%
funafuti
17%
malabo
17%
gitega
16%
saint george
15%
palikir
13%
Aucun quiz correspondant
Distribution des résultats
% des personnes avec chaque résultat
Percentile par nombre de réponses
Votre historique - résultats
Vous n’avez pas pris ce quiz